000 01108nam a22002897a 4500
005 20110201162643.0
008 110127t xxu||||| |||| 00| 0 hin d
010 _aHIN-93325
020 _c42.00
_a9788179873922
035 _aHN-65671
037 _bDBAD / PUB
040 _aDPL
_bHN
082 _a822
100 _925632
_aजयशंकर 'प्रसाद'
245 _aचंद्रगुप्त /
_cजयशंकर 'प्रसाद'
250 _a2रा संस्क
260 _aनई दिल्ली
_bविश्व विजय
_c2010
270 _aएम-12, कनाट सर्कस
_bनई दिल्ली
_e110001
_k91-011-23416313, 91-011-41517890
300 2 _a144पृ.
_c22सेमी (अजिल्द)
650 _9657
_aहिन्दी नाटक
650 _aHindi Play
_925706
650 _925656
700 _925634
700 _925670
942 _2ddc
_cHN
_h822
_mजयशं
999 _c54134
_d54134